000 00662nam a2200181Ia 4500
008 090123s9999 xx 000 0 und d
082 _b36887
100 _aभिडे श्री.र.
245 _aरामायण महाभारतातील आत्महत्या
250 _a1
260 _bराजहंस
_c2004
300 _a300
600 _aभिडे श्री.र.
630 _aरामायण महाभारतातील आत्महत्या
700 _aभिडे श्री.र.
730 _aरामायण महाभारतातील आत्महत्या
942 _cBOOK
999 _c74955
_d74955